书目信息 |
| 题名: |
汉语非线性音系学
|
|
| 作者: | 王洪君 | |
| 分册: | ||
| 出版信息: | 北京 北京大学出版社 1999 |
|
| 页数: | 295页 | |
| 开本: | 20cm | |
| 丛书名: | ||
| 单 册: | ||
| 中图分类: | H116.2 | |
| 科图分类: | ||
| 主题词: | 汉语--语音 , 汉语--音韵学 | |
| 电子资源: | ||
| ISBN: | 7-301-03607-8 | |
| 000 | 00545nam0 2200193 450 | |
| 001 | 0728815141 | |
| 005 | 20070819080015.14 | |
| 010 | @a7-301-03607-8@d¥15.00 | |
| 100 | @a20070819d km y0chiy0120 ea | |
| 101 | 0 | @achi |
| 200 | 1 | @a汉语非线性音系学@Ahan yu fei xian xing yin xi xue@f王洪君@Fwang hong jun |
| 210 | @a北京@c北京大学出版社@d1999 | |
| 215 | @a295页@d20cm | |
| 606 | 0 | @a汉语@x语音 |
| 606 | 0 | @a汉语@x音韵学 |
| 690 | @aH116.2@v3 | |
| 701 | 0 | @a王洪君@Awang hong jun |
| 801 | 0 | @aCN@bPFT@c20070819 |
| 905 | @a213230@dH116.2@eZW21@f1 | |
| 汉语非线性音系学/王洪君.-北京:北京大学出版社,1999 |
| 295页;20cm |
| ISBN 7-301-03607-8:¥15.00 |
| ● |
| 相关链接 |
|
|
|
|
正题名:汉语非线性音系学
索取号:H116.2/ZW21
 
预约/预借
| 序号 | 登录号 | 条形码 | 馆藏地/架位号 | 状态 | 备注 |
| 1 | 7615175 | 276151753 | 密集书库-文学院/ [索取号:H116.2/ZW21] | 在馆 |